| 000 | 00509nam a2200145Ia 4500 | ||
|---|---|---|---|
| 008 | 140724s9999 xx 000 0 und d | ||
| 050 |
_aRT 48.6 _b.Ag283 2010 |
||
| 100 | _aTrajano, Ramona Elisa. | ||
| 245 | 2 |
_aA community diagnosis of CAA-B Sitio Bathalang Bato and Sitio Maligaya / _cTheresa Tracy D. Aguila. |
|
| 260 |
_aLas PiƱas, Philippines : _bSouthville International School and Colleges, _cC2010. |
||
| 300 |
_a173 p. : _bcol. Ill. ; _c28 cm. |
||
| 521 | _aNursing | ||
| 942 | _cTH | ||
| 999 |
_c229003 _d229003 |
||